Statistiques concernant Focus sur: Ulmo - Tolkien

Cliquez ici pour prendre le quiz!

Statistiques générales

  • Ce quiz a été pris 6 fois
  • Le résultat moyen est 4 sur 7

Statistiques - réponses

Informations recherchéesRéponses% Correct
Première apparitionLe Silmarillion
100%
Profession et titreSeigneur des Eaux
100%
EspèceVala
100%
ContréeValinor
100%
Maiar associésOssë
33%
Salmar
0%
Uinen
0%

Distribution des résultats

Percentile par nombre de réponses

% des personnes avec chaque résultat

Votre développement - résultats

Vous n’avez pas pris ce quiz